LEADER 01188nam0 22002651i 450 001 UON00404169 005 20231205104710.431 100 $a20120130d1927 |0itac50 ba 101 $aslv 102 $aIT 105 $a|||| 1|||| 200 1 $aTo kristjanske u?ilo po rozoanskeh ta s tega katekizma, kua?enega od tega svetega Oce pape?a Pija 10. / predano od jera Jo?efa Kramaro 210 $aGorica$cTiskala Katoli?ka tiskarna$d1927 215 $a50 p.$cill.$d19 cm. 606 $aCATECHISMO DELLA CHIESA CATTOLICA <1912>$3UONC080922$2FI 620 $aIT$dGorizia$3UONL003118 676 $a238.2452$cCredi. Confessioni di fede. Catechismi$v22 702 1$aKRAMARO$bJo?ef$3UONV207203 712 $aKatoli?ka tiskarna$3UONV279103$4650 801 $aIT$bSOL$c20240220$gRICA 899 $aSIBA - SISTEMA BIBLIOTECARIO DI ATENEO$2UONSI 912 $aUON00404169 950 $aSIBA - SISTEMA BIBLIOTECARIO DI ATENEO$dSI SL FL 22 0006 $eSI SL 691 5 0006 $sBuono 996 $aTo kristjanske ucilo po rozoanskeh ta s tega katekizma, kuazenega od tega svetega Oce papeza Pija 10$91345003 997 $aUNIOR